[Event "Manavgat Turkey Cup"]
[Site "Manavgat"]
[Date "2016.02.05"]
[Round "10"]
[White "Keskec, Yaser"]
[Black "Aksoy, Atilla"]
[Result "0-1"]
[WhiteElo "1347"]
[BlackElo "1767"]
[PlyCount "90"]
[EventDate "2016.01.30"]
[EventType "swiss"]
[EventRounds "11"]
[EventCountry "TUR"]
[SourceTitle "CBM 170 Extra"]
[Source "ChessBase"]
[SourceDate "2016.02.25"]
[SourceVersion "1"]
[SourceVersionDate "2016.02.25"]
[SourceQuality "1"]

1. e4 e5 2. Nf3 d5 3. Nxe5 Bd6 4. d4 dxe4 5. Nc4 Nf6 6. Nxd6+ Qxd6 7. h3 0-0 8. Be2 Nc6 9. c3 Nd5 10. 0-0 Qg6 11. Bh5 Qd6 12. c4 Nf6 13. d5 Nb4 14. Be2 Bf5 15. Be3 Rad8 16. Nc3 a5 17. a3 Na6 18. Qa4 Nc5 19. Qb5 Nfd7 20. b4 axb4 21. axb4 Nd3 22. Bxd3 exd3 23. c5 Qg6 24. g4 Bxg4 25. hxg4 Qxg4+ 26. Kh2 Ne5 27. f4 Nf3+ 28. Rxf3 Qxf3 29. Qxd3 Rfe8 30. Re1 Qh5+ 31. Kg2 Re6 32. Rg1 Qh4 33. Kf3 Qh5+ 34. Kf2 Qh2+ 35. Rg2 Qh4+ 36. Kf1 Qh1+ 37. Kf2 Rh6 38. Ne4 Qh4+ 39. Kf1 Ra6 40. Qc3 Qh1+ 41. Rg1 Qf3+ 42. Nf2 f6 43. d6 Rda8 44. dxc7 Ra1+ 45. Bc1 Qxc3 0-1

[Event "Manavgat Turkey Cup"]
[Site "Manavgat"]
[Date "2016.02.02"]
[Round "5"]
[White "Aksoy, Atilla"]
[Black "Zekeriyaoglu, Ersen"]
[Result "1-0"]
[WhiteElo "1767"]
[BlackElo "2074"]
[PlyCount "60"]
[EventDate "2016.01.30"]
[EventType "swiss"]
[EventRounds "11"]
[EventCountry "TUR"]
[SourceTitle "CBM 170 Extra"]
[Source "ChessBase"]
[SourceDate "2016.02.25"]
[SourceVersion "1"]
[SourceVersionDate "2016.02.25"]
[SourceQuality "1"]

1. e4 d5 2. exd5 Nf6 3. Bb5+ Bd7 4. Be2 e6 5. dxe6 Bxe6 6. Nf3 Nc6 7. d4 Be7 8. c3 h6 9. Bf4 Nd5 10. Bd2 Bf5 11. 0-0 0-0 12. a3 Qd6 13. Re1 Bf6 14. a4 Rfe8 15. Na3 Rad8 16. Nc4 Qd7 17. Qb3 g5 18. Bf1 Be4 19. Nfe5 Qf5 20. Ne3 Qh7 21. N5g4 Bh8 22. Nxd5 Rxd5 23. f3 Rdd8 24. fxe4 Rxe4 25. Nxh6+ Kf8 26. Rxe4 Qxh6 27. Bc4 Bxd4+ 28. cxd4 Nxd4 29. Rxd4 Rxd4 30. Bb4+ Ke8 1-0

[Event "TUR-ch"]
[Site "Antalya"]
[Date "2013.02.08"]
[Round "10"]
[White "Aksoy, Atilla"]
[Black "Tasan, Mehmet Askin"]
[Result "0-1"]
[WhiteElo "1800"]
[BlackElo "2020"]
[PlyCount "80"]
[EventDate "2013.02.02"]
[EventType "swiss"]
[EventRounds "11"]
[EventCountry "TUR"]
[SourceTitle "CBM 152 Extra"]
[Source "ChessBase"]
[SourceDate "2013.02.25"]
[SourceVersion "1"]
[SourceVersionDate "2013.02.25"]
[SourceQuality "1"]

1. e4 e6 2. d4 d5 3. Nd2 dxe4 4. Nxe4 Nd7 5. Nf3 Ngf6 6. Bg5 h6 7. Nxf6+ Nxf6 8. Bh4 c5 9. Bb5+ Bd7 10. Bxd7+ Qxd7 11. 0-0 cxd4 12. Qxd4 Qxd4 13. Nxd4 0-0-0 14. Nf3 Bd6 15. Rfd1 Rd7 16. Rd3 g5 17. Rc3+ Kd8 18. Bg3 Bxg3 19. hxg3 Nd5 20. Rd3 Rc7 21. c3 Ke7 22. Rad1 Rhc8 23. Kf1 b5 24. Nd4 b4 25. cxb4 Nxb4 26. Ra3 Rd8 27. Ke2 Rcd7 28. Ke3 Rxd4 29. Rxa7+ Kf6 30. Rxd4 Nc2+ 31. Kd3 Nxd4 32. Kc4 Nc6 33. Rc7 Ne5+ 34. Kc3 Rd1 35. Kc2 Rf1 36. a4 Rxf2+ 37. Kc3 Rxg2 38. a5 Rxg3+ 39. Kc2 Nd3 40. Rc4 Nxb2 0-1

[Event "TUR-ch"]
[Site "Antalya"]
[Date "2013.02.07"]
[Round "8"]
[White "Kirali, Mehmet"]
[Black "Aksoy, Atilla"]
[Result "1-0"]
[WhiteElo "2005"]
[BlackElo "1800"]
[PlyCount "47"]
[EventDate "2013.02.02"]
[EventType "swiss"]
[EventRounds "11"]
[EventCountry "TUR"]
[SourceTitle "CBM 152 Extra"]
[Source "ChessBase"]
[SourceDate "2013.02.25"]
[SourceVersion "1"]
[SourceVersionDate "2013.02.25"]
[SourceQuality "1"]

1. d4 Nf6 2. Nf3 e6 3. c4 c5 4. Nc3 cxd4 5. Nxd4 a6 6. g3 Qc7 7. Bg2 Be7 8. 0-0 d6 9. b3 0-0 10. Bb2 Nbd7 11. Rc1 Rb8 12. Qd2 b6 13. Nc6 Bd8 14. Rfd1 Bb7 15. Nxb8 Qxb8 16. Qxd6 Bc7 17. Qd2 Bc8 18. Ne4 Nxe4 19. Bxe4 f5 20. Bg2 e5 21. Ba3 Rf6 22. Be7 Rh6 23. Qd5+ Kh8 24. Qf7 1-0

[Event "Bursa op 06"]
[Site "Bursa"]
[Date "2011.06.26"]
[Round "6"]
[White "Aksoy, Atilla"]
[Black "Koc, Ilkay"]
[Result "1-0"]
[WhiteElo "1861"]
[BlackElo "2116"]
[PlyCount "91"]
[EventDate "2011.06.24"]
[EventType "swiss"]
[EventRounds "7"]
[EventCountry "TUR"]
[SourceTitle "EXT 2012"]
[Source "ChessBase"]
[SourceDate "2011.11.24"]
[SourceVersion "1"]
[SourceVersionDate "2011.11.24"]
[SourceQuality "1"]

1. e4 d5 2. exd5 Nf6 3. d4 Nxd5 4. c4 Nb4 5. a3 N4c6 6. Be3 e5 7. d5 Ne7 8. Nc3 Ng6 9. Nf3 f5 10. Be2 Be7 11. Qc2 0-0 12. g3 Nd7 13. h4 e4 14. Nd4 Nc5 15. b4 Nd3+ 16. Bxd3 exd3 17. Qxd3 a5 18. b5 Bc5 19. f4 Qf6 20. Kd2 Bd7 21. h5 Nh8 22. Na4 Ba7 23. c5 Rad8 24. Nf3 Be6 25. Bd4 Rxd5 26. Bxf6 Rxd3+ 27. Kxd3 gxf6 28. Nd4 Bd5 29. Rhe1 Be4+ 30. Kc4 Re8 31. Nxf5 Kf8 32. Nd4 Nf7 33. Nc3 f5 34. Re2 b6 35. Nxe4 fxe4 36. Nc6 Bb8 37. Rae1 bxc5 38. Kxc5 Nd6 39. g4 Kg7 40. a4 Kf6 41. Nxb8 Rxb8 42. Rxe4 Nxe4+ 43. Rxe4 Rb6 44. Re5 Rd6 45. g5+ Kf7 46. Rd5 1-0

[Event "Bursa op 06"]
[Site "Bursa"]
[Date "2011.06.26"]
[Round "7"]
[White "Karaokcu, Erkin"]
[Black "Aksoy, Atilla"]
[Result "1-0"]
[WhiteElo "2004"]
[BlackElo "1861"]
[PlyCount "95"]
[EventDate "2011.06.24"]
[EventType "swiss"]
[EventRounds "7"]
[EventCountry "TUR"]
[SourceTitle "EXT 2012"]
[Source "ChessBase"]
[SourceDate "2011.11.24"]
[SourceVersion "1"]
[SourceVersionDate "2011.11.24"]
[SourceQuality "1"]

1. d4 Nf6 2. Nf3 g6 3. Bf4 Bg7 4. e3 c5 5. c3 0-0 6. Be2 b6 7. 0-0 Bb7 8. Nbd2 d5 9. a4 Nc6 10. Ne5 Nd7 11. Nxc6 Bxc6 12. Nf3 f6 13. c4 e5 14. cxd5 Bxd5 15. dxe5 Nxe5 16. Re1 Nc6 17. e4 Be6 18. Bb5 Nb4 19. Qe2 a6 20. Rad1 Qc8 21. Bc4 Re8 22. Rd6 b5 23. axb5 axb5 24. Bxb5 Bf8 25. Rb6 Rd8 26. Rxe6 Qxe6 27. Bc4 Nd5 28. Bxd5 Rxd5 29. exd5 Qxd5 30. Qe6+ Qxe6 31. Rxe6 Ra1+ 32. Re1 Ra2 33. Rb1 Kf7 34. Kf1 g5 35. Be3 h6 36. Bd2 Ke6 37. Bc3 Ra4 38. Re1+ Kf5 39. Re8 Bd6 40. Rd8 Ra6 41. Ke2 h5 42. Nd2 Ke6 43. Ne4 Be7 44. Rc8 Kd5 45. Ng3 Re6+ 46. Kd2 h4 47. Nf5 Bd6 48. Rd8 1-0